[Event "Norway Chess Open GM 2025"]
[Site "Stavanger NOR"]
[Date "2025.05.27"]
[Round "2.13"]
[White "Pang, Ethan"]
[Black "Tulchynskyi, Feliks"]
[Result "1/2-1/2"]
[WhiteTitle "FM"]
[BlackTitle "FM"]
[WhiteElo "2226"]
[BlackElo "2380"]
[WhiteFideId "496995"]
[BlackFideId "34127895"]
[EventDate "2025.05.26"]

1. e4 e6 2. d4 d5 3. Nd2 c5 4. exd5 Qxd5 5. Ngf3 cxd4 6. Bc4 Qd7 7. O-O Nc6 8.
Nb3 a6 9. Nbxd4 Nxd4 10. Nxd4 Qc7 11. Bb3 Bd6 12. h3 Ne7 13. c3 O-O 14. a4 Bd7
15. Be3 Rad8 16. Qe2 h6 17. Rfd1 e5 18. Nc2 a5 19. Na3 Bxa3 20. Rxa3 Bc6 21.
Raa1 Nd5 22. Bxd5 Rxd5 23. Rxd5 Bxd5 24. Qb5 Bc6 25. Qc5 f5 26. Re1 f4 27. Bc1
f3 28. g4 Qd8 29. Be3 Re8 30. Kh2 Kh8 31. Qb6 Qd5 32. Qc5 Qb3 33. Qxa5 Qxb2 34.
Qb4 Qxb4 35. cxb4 Bxa4 36. Rc1 Re7 37. Rc5 Kg8 38. Kg3 e4 39. Kf4 Bc6 40. b5 g5+
41. Kg3 Be8 42. h4 gxh4+ 43. Kxh4 Kg7 44. g5 h5 45. b6 Kg6 46. Rc8 Bc6 47. Rh8
Rh7 48. Rxh7 1/2-1/2

[Event "Norway Chess Open GM 2025"]
[Site "Stavanger NOR"]
[Date "2025.05.27"]
[Round "2.27"]
[White "Li, Guohao"]
[Black "Machin, Guillaume"]
[Result "1-0"]
[BlackTitle "CM"]
[WhiteElo "2355"]
[BlackElo "2069"]
[WhiteFideId "8619999"]
[BlackFideId "616648"]
[EventDate "2025.05.26"]

1. d4 e6 2. c4 Nf6 3. Nf3 b6 4. Nc3 Bb4 5. Bg5 h6 6. Bh4 Bb7 7. e3 g5 8. Bg3
Bxc3+ 9. bxc3 Ne4 10. Bd3 d6 11. Qc2 f5 12. d5 Na6 13. dxe6 Nac5 14. Nd4 Qf6 15.
f3 Nxd3+ 16. Qxd3 Nc5 17. Qxf5 Qxf5 18. Nxf5 Nxe6 19. e4 O-O-O 20. Ne3 h5 21. h3
h4 22. Bh2 Rde8 23. Rd1 Nf4 24. Bxf4 gxf4 25. Nf5 Re5 26. O-O Kd7 27. Rd4 Ke6
28. Rb1 Bc6 29. Rd2 Kf6 30. Nd4 Bd7 31. Ne2 Kg5 32. Nc1 Rc5 33. Rd5+ Rxd5 34.
cxd5 a5 35. Kf2 Rg8 36. Rb2 Bc8 37. c4 Bd7 38. Ke2 Kf6 39. Kd3 Rg3 40. Rf2 Rg8
41. Kd4 Re8 42. Nd3 Kg5 43. Re2 b5 44. c5 b4 45. c6 Bc8 46. e5 dxe5+ 47. Rxe5+
Rxe5 48. Nxe5 Kf5 49. Nc4 Ba6 50. Nxa5 Bf1 51. d6 1-0

[Event "Norway Chess Open GM 2025"]
[Site "Stavanger NOR"]
[Date "2025.05.27"]
[Round "2.14"]
[White "Gouanelle, Franck"]
[Black "Haug, Havard"]
[Result "0-1"]
[BlackTitle "FM"]
[WhiteElo "2024"]
[BlackElo "2354"]
[WhiteFideId "627542"]
[BlackFideId "1547887"]
[EventDate "2025.05.26"]

1. d4 Nf6 2. Nf3 d5 3. g3 Bg4 4. Nbd2 Nbd7 5. h3 Bxf3 6. Nxf3 e6 7. Bg2 c5 8.
O-O Be7 9. c3 O-O 10. Bf4 Qb6 11. Qb3 Rac8 12. g4 cxd4 13. Nxd4 Bc5 14. Qxb6
Bxb6 15. Nb3 Rc4 16. e3 Bc7 17. Nd2 Rc6 18. Bxc7 Rxc7 19. e4 dxe4 20. Nxe4 Nxe4
21. Bxe4 Nc5 22. Bc2 Rd8 23. Rad1 Rcd7 24. a3 Rxd1 25. Rxd1 Rxd1+ 26. Bxd1 Nd3
27. b4 g5 28. Kg2 Kg7 29. Kg3 h6 30. Bf3 b6 31. Be2 Nf4 32. Ba6 Kf6 33. h4 Ke5
34. hxg5 hxg5 35. f3 Nd5 36. c4 Nc7 37. Bb7 Kd4 38. c5 bxc5 39. bxc5 Kxc5 40. f4
f6 41. fxg5 fxg5 42. Kf3 Kd4 43. Bc8 e5 0-1

[Event "Norway Chess Open GM 2025"]
[Site "Stavanger NOR"]
[Date "2025.05.27"]
[Round "2.15"]
[White "Chakrabarty, Reyaansh"]
[Black "Fu, Yihe"]
[Result "1/2-1/2"]
[WhiteTitle "FM"]
[BlackTitle "FM"]
[WhiteElo "2346"]
[BlackElo "2123"]
[WhiteFideId "3256944"]
[BlackFideId "8619638"]
[EventDate "2025.05.26"]

1. e4 c5 2. Nf3 e6 3. c3 Nf6 4. e5 Nd5 5. a3 d6 6. d4 cxd4 7. c4 Nc7 8. exd6
Qxd6 9. Qxd4 Qxd4 10. Nxd4 e5 11. Nb5 Nxb5 12. cxb5 Be6 13. Be3 Nd7 14. Nc3 Bc5
15. O-O-O Rc8 16. Kc2 Bxe3 17. fxe3 Nc5 18. Kb1 Bf5+ 19. Ka2 Ne4 20. Nxe4 Bxe4
21. Be2 Ke7 22. Bf3 Bxf3 23. gxf3 Rhd8 24. Kb3 Rxd1 25. Rxd1 Rc7 26. Rg1 g6 27.
a4 Ke6 28. h4 h5 29. e4 Rd7 1/2-1/2

[Event "Norway Chess Open GM 2025"]
[Site "Stavanger NOR"]
[Date "2025.05.27"]
[Round "2.16"]
[White "Aarts, Joaquin"]
[Black "Garcia Martin, Marta"]
[Result "1/2-1/2"]
[BlackTitle "IM"]
[WhiteElo "1990"]
[BlackElo "2324"]
[WhiteFideId "1078224"]
[BlackFideId "32084030"]
[EventDate "2025.05.26"]

1. d4 Nf6 2. c4 e6 3. Nc3 d5 4. cxd5 exd5 5. Bg5 c6 6. e3 Be7 7. Bd3 O-O 8. Nge2
Re8 9. O-O h6 10. Bh4 a5 11. f3 b5 12. Rc1 Nbd7 13. Kh1 Ba6 14. Bf2 b4 15. Na4
Bxd3 16. Qxd3 Nb6 17. Nxb6 Qxb6 18. e4 dxe4 19. fxe4 Qa6 20. Qxa6 Rxa6 21. Ng3
Bf8 22. Rfe1 Re6 23. Re2 a4 24. Kg1 Be7 25. Kf1 Ra5 26. Rec2 Ra6 27. Rc4 g6 28.
Be1 Rb6 29. Bf2 Ra6 30. Be1 Rb6 31. Bf2 Ra6 32. Be1 1/2-1/2

[Event "Norway Chess Open GM 2025"]
[Site "Stavanger NOR"]
[Date "2025.05.27"]
[Round "2.25"]
[White "Adharsh K"]
[Black "Abrahams, Daniel"]
[Result "1-0"]
[WhiteTitle "FM"]
[BlackTitle "CM"]
[WhiteElo "2322"]
[BlackElo "2112"]
[WhiteFideId "25718207"]
[BlackFideId "2606879"]
[EventDate "2025.05.26"]

1. e4 c5 2. Nf3 e6 3. d4 cxd4 4. Nxd4 a6 5. c4 Nf6 6. Nc3 Qc7 7. a3 b6 8. Be3
Bb7 9. f3 d6 10. Rc1 Be7 11. Be2 O-O 12. O-O Nbd7 13. Qc2 Rac8 14. Qb1 Qb8 15.
Rfd1 Rfe8 16. Bf2 Ne5 17. Na4 Bd8 18. Bf1 Ng6 19. b4 Bc7 20. h3 d5 21. exd5 exd5
22. c5 b5 23. Nb2 Ne5 24. a4 bxa4 25. c6 Nxc6 26. Nxc6 Bh2+ 27. Kh1 Rxc6 28.
Nxa4 Rxc1 29. Rxc1 Bf4 30. Re1 Rxe1 31. Qxe1 Qd6 32. Nc5 Bc8 33. Bd4 Nh5 34. Bd3
Be6 35. Nxa6 Ng3+ 36. Kg1 Nf5 37. Bc5 Qd7 38. b5 Nd6 39. Qh4 Bh6 40. Qg3 Nb7 41.
Bd4 Qc8 42. Nc7 Qf8 43. Nxe6 fxe6 44. Qc7 Nd8 45. b6 Bf4 46. Qd7 g6 47. h4 Bd6
48. Kh1 Qe7 49. Qxe7 Bxe7 50. Be5 Bc5 51. Bc7 Nc6 52. b7 Ba7 53. Bb5 Bb8 54.
Bxb8 Nxb8 55. f4 Kf7 56. Kg1 Ke7 57. Kf2 Kd6 58. Ke3 e5 59. fxe5+ Kxe5 60. g4 h6
61. Be8 g5 62. hxg5 hxg5 63. Bb5 d4+ 64. Kd3 Kd5 65. Bc4+ Ke5 66. Bb5 Kd5 67.
Be8 Ke5 68. Bg6 Kd5 69. Bf5 Na6 70. Be4+ Ke5 71. Bh1 Nb8 72. Kc4 Nd7 73. Kb5 d3
74. Kc6 d2 75. Bf3 Nb8+ 76. Kc7 Na6+ 77. Kc8 Kf4 78. Bd1 Ke3 79. b8=Q Nxb8 80.
Kxb8 Kf2 81. Kc7 Ke1 82. Ba4 d1=Q 83. Bxd1 Kxd1 84. Kd6 Ke2 85. Ke5 1-0

[Event "Norway Chess Open GM 2025"]
[Site "Stavanger NOR"]
[Date "2025.05.27"]
[Round "2.17"]
[White "Pragnya H G"]
[Black "Knuedel, Torben"]
[Result "1/2-1/2"]
[WhiteTitle "WFM"]
[BlackTitle "FM"]
[WhiteElo "1929"]
[BlackElo "2319"]
[WhiteFideId "25609785"]
[BlackFideId "16208820"]
[EventDate "2025.05.26"]

1. e4 e5 2. Nf3 Nc6 3. Bc4 Nf6 4. d3 Bc5 5. c3 a6 6. Bb3 Ba7 7. Nbd2 O-O 8. h3
d6 9. Nf1 h6 10. Ng3 Ne7 11. O-O Ng6 12. Re1 c6 13. d4 Qc7 14. dxe5 dxe5 15. Nf5
Nf4 16. Bxf4 exf4 17. N3h4 Bxf5 18. Nxf5 Rad8 19. Qe2 Qe5 20. Rad1 Rxd1 21. Bxd1
Rd8 22. Bb3 Rd7 23. Nh4 Qb5 24. e5 Qxe2 25. Rxe2 Nd5 26. e6 Re7 27. exf7+ Kxf7
28. Bxd5+ cxd5 29. Rxe7+ Kxe7 30. Ng6+ Kd6 31. Nxf4 1/2-1/2

[Event "Norway Chess Open GM 2025"]
[Site "Stavanger NOR"]
[Date "2025.05.27"]
[Round "2.18"]
[White "Pubantz, Jan"]
[Black "Avadhoot Lokesh Bhakti Brahme"]
[Result "0-1"]
[WhiteElo "2315"]
[BlackElo "2081"]
[WhiteFideId "12996114"]
[BlackFideId "33496463"]
[EventDate "2025.05.26"]

1. d4 d5 2. c4 c6 3. Nf3 e6 4. Qc2 Nf6 5. g3 dxc4 6. Qxc4 b5 7. Qc2 Bb7 8. Bg2
Nbd7 9. O-O Be7 10. Bg5 Rc8 11. Nc3 O-O 12. Rfd1 h6 13. Bxf6 Nxf6 14. Ne5 Qb6
15. Ne4 Nxe4 16. Bxe4 Rfd8 17. Bh7+ Kf8 18. Nxf7 Kxf7 19. Qg6+ Kf8 20. Qxe6 Bf6
21. Rd3 c5 22. Qg8+ Ke7 23. Re3+ Kd6 24. Re6+ Kc7 25. Qf7+ Rd7 26. Qxd7+ Kxd7
27. Rxb6 axb6 28. Bf5+ Kc6 29. Bxc8 Bxc8 30. e3 cxd4 31. Rc1+ Kb7 32. exd4 Bxd4
33. b3 Bh3 34. g4 Bxg4 35. a4 Bf6 36. axb5 Be2 37. Kg2 Bxb5 38. Kf3 Bc6+ 39. Ke3
Bd5 40. Rb1 Kc6 41. Kd3 Kb5 42. b4 Bf7 43. Rc1 Bg6+ 44. Ke2 Kxb4 45. f4 b5 46.
h3 Kb3 47. Rc5 b4 48. f5 Bf7 49. Kd3 Bh5 50. Rc2 Bf3 51. Rc7 Bg2 52. h4 Bh3 53.
Ke4 Kb2 54. Rd7 Bc3 55. Rd1 Kc2 56. Rg1 b3 57. h5 b2 58. f6 Bxf6 0-1

[Event "Norway Chess Open GM 2025"]
[Site "Stavanger NOR"]
[Date "2025.05.27"]
[Round "2.28"]
[White "Stranz, Richard"]
[Black "Banerjee, Supratit"]
[Result "0-1"]
[WhiteTitle "FM"]
[BlackTitle "CM"]
[WhiteElo "2075"]
[BlackElo "2312"]
[WhiteFideId "1600818"]
[BlackFideId "2410079"]
[EventDate "2025.05.26"]

1. e4 c5 2. Nf3 e6 3. d4 cxd4 4. Nxd4 Nc6 5. Nc3 a6 6. Nxc6 bxc6 7. Bd3 d5 8.
O-O Nf6 9. Qe2 Be7 10. b3 O-O 11. Bb2 Bb7 12. Rae1 Re8 13. f4 g6 14. Kh1 Bf8 15.
Qf3 Bg7 16. Ba1 c5 17. exd5 exd5 18. f5 Qa5 19. fxg6 hxg6 20. Rxe8+ Rxe8 21. Na4
Re6 22. Bc3 Qc7 23. Qf2 c4 24. Nc5 Rc6 25. bxc4 Ng4 26. Qxf7+ Qxf7 27. Rxf7 Kxf7
28. Nxb7 Rb6 29. Nd8+ Ke8 30. Bxg6+ Rxg6 31. Bxg7 Kxd8 0-1

[Event "Norway Chess Open GM 2025"]
[Site "Stavanger NOR"]
[Date "2025.05.27"]
[Round "2.19"]
[White "Sanket, Chakravarty"]
[Black "Advaitt Srikant Koduri"]
[Result "1-0"]
[WhiteTitle "IM"]
[WhiteElo "2303"]
[BlackElo "1988"]
[WhiteFideId "25032038"]
[BlackFideId "25185454"]
[EventDate "2025.05.26"]

1. e4 c6 2. d4 d5 3. exd5 cxd5 4. Nf3 Nf6 5. Be2 Nc6 6. O-O Bg4 7. Nbd2 e6 8. h3
Bh5 9. c3 Bd6 10. Ne5 Bg6 11. f4 Bxe5 12. fxe5 Ne4 13. Nxe4 Bxe4 14. Bd3 Bxd3
15. Qxd3 Qe7 16. Qg3 f6 17. exf6 gxf6 18. Bh6 O-O-O 19. Qh4 f5 20. Bg5 Qg7 21.
Bxd8 Nxd8 22. Rae1 Rg8 23. Rf2 Kd7 24. Qf4 Nf7 25. Rxe6 Kxe6 26. Qxf5+ Ke7 27.
Re2+ Kd6 28. Re6+ Kc7 29. Re7+ Kb6 30. Qe6+ Ka5 31. Qxd5+ 1-0

[Event "Norway Chess Open GM 2025"]
[Site "Stavanger NOR"]
[Date "2025.05.27"]
[Round "2.20"]
[White "Wiger-Nordas, Felix"]
[Black "Risting, Eivind Olav"]
[Result "1-0"]
[BlackTitle "FM"]
[WhiteElo "1924"]
[BlackElo "2302"]
[WhiteFideId "1557203"]
[BlackFideId "1517333"]
[EventDate "2025.05.26"]

1. e4 c5 2. Be2 Nc6 3. f4 g6 4. Nf3 Bg7 5. O-O d5 6. d3 e6 7. c3 Nge7 8. Be3 b6
9. e5 Ba6 10. d4 Bxe2 11. Qxe2 cxd4 12. cxd4 Qd7 13. Nc3 O-O 14. b3 Rfc8 15. Qd2
Na5 16. Rfc1 Bf8 17. Nd1 Nf5 18. Rxc8 Rxc8 19. Rc1 Ba3 20. Rc3 Kg7 21. Qc2 Rxc3
22. Qxc3 Qb5 23. Kf2 Nc6 24. g4 Nxe3 25. Nxe3 Bb4 26. Qc2 Ba3 27. f5 h6 28. h4
exf5 29. gxf5 h5 30. f6+ Kf8 31. e6 Ke8 32. Ne5 Nd8 33. exf7+ 1-0

[Event "Norway Chess Open GM 2025"]
[Site "Stavanger NOR"]
[Date "2025.05.27"]
[Round "2.29"]
[White "Strahl, Christian"]
[Black "Hedman, Erik"]
[Result "0-1"]
[BlackTitle "IM"]
[WhiteElo "2059"]
[BlackElo "2272"]
[WhiteFideId "12955019"]
[BlackFideId "1702351"]
[EventDate "2025.05.26"]

1. e4 c5 2. Nf3 a6 3. c3 d5 4. exd5 Qxd5 5. d4 Nf6 6. Be2 e6 7. O-O cxd4 8. Nxd4
e5 9. Bf3 Qc5 10. Re1 Be7 11. Nb3 Qc7 12. Qe2 Bd6 13. Bg5 Be6 14. N1d2 Nbd7 15.
c4 Rc8 16. Rac1 b6 17. h3 a5 18. Ne4 Nxe4 19. Qxe4 O-O 20. Red1 a4 21. c5 bxc5
22. Qxa4 c4 23. Na5 Nc5 24. Qc6 Qxa5 25. Qxd6 Nd3 26. Rb1 e4 27. Be7 exf3 28.
Bxf8 Rxf8 29. gxf3 Qxa2 30. Qd4 Qa8 31. Kg2 Qb8 32. Rxd3 cxd3 33. Qxd3 Qc8 34.
Rh1 Qb7 35. Qc3 Rc8 36. Rd1 h6 37. Qe5 Bxh3+ 38. Kg3 Be6 39. Rg1 Qc7 40. Qxc7
Rxc7 41. b4 Rc3 42. Rd1 Rb3 43. Rd8+ Kh7 44. Rd4 g5 45. Kg2 Kg6 46. f4 g4 0-1

[Event "Norway Chess Open GM 2025"]
[Site "Stavanger NOR"]
[Date "2025.05.27"]
[Round "2.30"]
[White "Nechitaylo, Nikita"]
[Black "Hetland, Even"]
[Result "1-0"]
[WhiteTitle "FM"]
[WhiteElo "2261"]
[BlackElo "2025"]
[WhiteFideId "34138161"]
[BlackFideId "1555995"]
[EventDate "2025.05.26"]

1. d4 Nf6 2. c4 e6 3. Nc3 d5 4. cxd5 exd5 5. Bg5 Be7 6. e3 c6 7. Bd3 Nbd7 8. Qc2
O-O 9. Nf3 Re8 10. O-O Nf8 11. h3 Nh5 12. Bxe7 Qxe7 13. Rab1 Ng6 14. b4 Qf6 15.
Qd1 Nh4 16. Be2 g6 17. Nxh4 Qxh4 18. Bxh5 gxh5 19. Qf3 Kh8 20. Ne2 Rg8 21. Ng3
Bxh3 22. gxh3 Qxh3 23. Qf6+ Rg7 24. e4 h4 25. Rb3 dxe4 26. Qxg7+ 1-0

[Event "Norway Chess Open GM 2025"]
[Site "Stavanger NOR"]
[Date "2025.05.27"]
[Round "2.31"]
[White "Grebennikov, Nikolai A."]
[Black "Muller, Maxime"]
[Result "1-0"]
[WhiteTitle "CM"]
[WhiteElo "2199"]
[BlackElo "2023"]
[WhiteFideId "4121988"]
[BlackFideId "26088533"]
[EventDate "2025.05.26"]

1. d4 d5 2. c4 e6 3. Nc3 Bb4 4. e3 Nf6 5. a3 Bxc3+ 6. bxc3 c6 7. cxd5 cxd5 8.
Bd3 O-O 9. Nf3 b6 10. Qe2 a5 11. Ne5 Ba6 12. a4 Qc7 13. O-O Bxd3 14. Qxd3 Nbd7
15. Nxd7 Nxd7 16. f3 Rac8 17. Bd2 Qc4 18. Qb1 f5 19. Re1 Rc6 20. e4 fxe4 21.
fxe4 Nf6 22. e5 Ne4 23. Rxe4 dxe4 24. Qxe4 Rc7 25. h3 Rcf7 26. Qg4 Rf1+ 27. Rxf1
Qxf1+ 28. Kh2 Qf5 29. Qe2 Qc2 30. c4 Qxa4 31. d5 exd5 32. cxd5 Qd4 33. d6 Rf2
34. Qb5 Qxd2 35. Qc4+ Rf7 36. Qc8+ Rf8 37. Qe6+ Kh8 38. d7 Qf4+ 39. Kh1 Qc1+ 40.
Kh2 Qc7 41. Qe8 Rg8 42. h4 a4 43. Kh3 h6 44. e6 a3 45. e7 Rxe8 46. dxe8=Q+ Kh7
47. h5 Qc3+ 48. g3 Qf6 49. Qg6+ 1-0

[Event "Norway Chess Open GM 2025"]
[Site "Stavanger NOR"]
[Date "2025.05.27"]
[Round "2.32"]
[White "Silva, Mariana"]
[Black "Chernetskiy, Mykola"]
[Result "1-0"]
[WhiteTitle "WFM"]
[BlackTitle "IM"]
[WhiteElo "2035"]
[BlackElo "2198"]
[WhiteFideId "1911899"]
[BlackFideId "14115999"]
[EventDate "2025.05.26"]

1. d4 Nf6 2. c4 e6 3. Nc3 Bb4 4. e3 b6 5. Ne2 Bb7 6. a3 Be7 7. d5 O-O 8. Ng3 d6
9. e4 Nbd7 10. Be2 c6 11. O-O a6 12. Be3 Rc8 13. Rc1 cxd5 14. cxd5 g6 15. dxe6
fxe6 16. f4 Nc5 17. Bf3 a5 18. b4 axb4 19. axb4 Na6 20. Qd4 e5 21. fxe5 dxe5 22.
Qxe5 Bxb4 23. Rfd1 Qe8 24. Bd4 Bc5 25. Qg5 Bxd4+ 26. Rxd4 Nc5 27. Rd6 Rc6 28.
Rcd1 Ne6 29. Qe5 Nc7 30. Qd4 Ne6 31. Qe5 Nc7 32. Qd4 Rxd6 33. Qxd6 Nb5 34. Qb4
Nxc3 35. Qxc3 Qa4 36. Ra1 Qc6 37. Qb3+ Kh8 38. Rb1 Qc5+ 39. Kh1 Rc8 40. Qb2 Kg8
41. h3 Kf7 42. Qxb6 Qxb6 43. Rxb6 Rc1+ 44. Kh2 Bc6 45. e5 Nd5 46. Rxc6 1-0

[Event "Norway Chess Open GM 2025"]
[Site "Stavanger NOR"]
[Date "2025.05.27"]
[Round "2.33"]
[White "Follana Albelda, Lucia"]
[Black "Harish, Neeraj"]
[Result "1/2-1/2"]
[BlackTitle "CM"]
[WhiteElo "2022"]
[BlackElo "2192"]
[WhiteFideId "24516937"]
[BlackFideId "30958130"]
[EventDate "2025.05.26"]

1. e4 c5 2. Nf3 e6 3. d4 cxd4 4. Nxd4 Nf6 5. Bd3 Nc6 6. Nxc6 bxc6 7. O-O d5 8.
exd5 exd5 9. c4 Be7 10. Nc3 O-O 11. Bg5 Be6 12. cxd5 cxd5 13. Nb5 h6 14. Bh4 Qb6
15. Kh1 Rac8 16. a4 a5 17. f3 Bd7 18. Rc1 Bc5 19. Qb3 d4 20. Rfd1 Be6 21. Bc4
Nd7 22. Bg3 Rfe8 23. h3 Nb8 24. Bxe6 fxe6 25. Qc4 Na6 26. Be5 Nb4 27. Bxd4 Bxd4
28. Qxd4 Qxd4 29. Nxd4 Rxc1 30. Rxc1 e5 31. Nb3 Nd3 32. Rc2 e4 33. fxe4 Rxe4 34.
Nxa5 Rxa4 35. Nc4 1/2-1/2

[Event "Norway Chess Open GM 2025"]
[Site "Stavanger NOR"]
[Date "2025.05.27"]
[Round "2.34"]
[White "Ter-Avetisjana, Agnesa Stepania"]
[Black "Pintor, Simao"]
[Result "1-0"]
[WhiteTitle "WFM"]
[WhiteElo "2185"]
[BlackElo "2021"]
[WhiteFideId "11614900"]
[BlackFideId "1904787"]
[EventDate "2025.05.26"]

1. e4 c5 2. Nf3 Nc6 3. Bb5 g6 4. Bxc6 dxc6 5. d3 Qc7 6. O-O e5 7. Be3 Nf6 8. h3
h6 9. Nbd2 g5 10. Nh2 Be6 11. a4 a5 12. Qf3 Nd7 13. Rfd1 Be7 14. Ndf1 h5 15. Ng3
O-O-O 16. Nf5 Bf6 17. g3 Rdg8 18. Kg2 Qd8 19. Rh1 g4 20. hxg4 h4 21. Nf1 Rg6 22.
gxh4 Bxh4 23. N1g3 Kc7 24. Rh3 Bxg3 25. Rxh8 Qxh8 26. fxg3 Nf6 27. Rh1 Qf8 28.
Nh4 Bxg4 29. Qf2 Rh6 30. Bxh6 Qxh6 31. Rf1 Nd7 32. Qxf7 Qd2+ 33. Qf2 Qb4 34. b3
c4 35. dxc4 Nc5 36. Qe3 Ne6 37. Rf7+ Kb8 38. Nf5 Bd1 39. Qd3 Qe1 40. Ne3 Bh5 41.
Rf1 Qe2+ 42. Qxe2 Bxe2 43. Rf5 Nd4 44. Rxe5 Kc7 45. Kf2 1-0

[Event "Norway Chess Open GM 2025"]
[Site "Stavanger NOR"]
[Date "2025.05.27"]
[Round "2.35"]
[White "Myny, Sigur H"]
[Black "Johansson, Carl Fredrik"]
[Result "0-1"]
[BlackTitle "CM"]
[WhiteElo "2014"]
[BlackElo "2171"]
[WhiteFideId "1561626"]
[BlackFideId "1701576"]
[EventDate "2025.05.26"]

1. Nf3 Nf6 2. g3 g6 3. Bg2 Bg7 4. O-O O-O 5. d4 d6 6. Re1 Nbd7 7. e4 e5 8. Nc3
c6 9. a4 b6 10. h3 a6 11. Be3 Qc7 12. Qd2 Rb8 13. d5 cxd5 14. Nxd5 Nxd5 15. exd5
Nc5 16. Bh6 a5 17. Bxg7 Kxg7 18. Qc3 f6 19. Nd2 Qd7 20. Ne4 Nxe4 21. Rxe4 Ba6
22. Qd2 Rbc8 23. b3 f5 24. Ree1 f4 25. c4 Rf7 26. Kh2 Rcf8 27. Rac1 Bc8 28. Rc3
fxg3+ 29. fxg3 Rf2 30. Re2 Qxh3+ 0-1

[Event "Norway Chess Open GM 2025"]
[Site "Stavanger NOR"]
[Date "2025.05.27"]
[Round "2.36"]
[White "Zheng, Harry Z"]
[Black "Amundsen, Ask"]
[Result "1-0"]
[WhiteElo "2149"]
[BlackElo "2009"]
[WhiteFideId "460982"]
[BlackFideId "1528726"]
[EventDate "2025.05.26"]

1. e4 d6 2. d4 Nf6 3. Nc3 e5 4. Nf3 Nbd7 5. Bc4 Be7 6. O-O O-O 7. h3 exd4 8.
Nxd4 Nc5 9. Re1 c6 10. Bf1 d5 11. exd5 cxd5 12. Bf4 a6 13. g3 Nfe4 14. Qf3 Nxc3
15. Qxc3 Ne4 16. Qc7 Qxc7 17. Bxc7 Bf6 18. c3 Bxd4 19. cxd4 Ng5 20. Bg2 Nxh3+
21. Kf1 Bd7 22. Bxd5 Ng5 23. Bd6 Bh3+ 24. Kg1 Rad8 25. Bxf8 Rxd5 26. Re8 Nf3+
27. Kh1 f6 28. Bc5+ Kf7 29. Re3 Rf5 30. Rc1 g5 31. Bb6 g4 32. Rc5 Nxd4 33. Rc7+
Kg6 34. Bxd4 Rxf2 35. Rc1 h5 36. Rce1 h4 37. gxh4 Rd2 38. Bc3 Rf2 39. R1e2 Rf1+
40. Kh2 Kh5 41. Be1 f5 42. Rf2 Rxe1 43. Rxe1 Kxh4 44. Re3 1-0

[Event "Norway Chess Open GM 2025"]
[Site "Stavanger NOR"]
[Date "2025.05.27"]
[Round "2.37"]
[White "Anatol, Luke Leon Robin"]
[Black "Rouda Essa, Alserkal"]
[Result "1/2-1/2"]
[BlackTitle "WGM"]
[WhiteElo "2007"]
[BlackElo "2147"]
[WhiteFideId "39905500"]
[BlackFideId "9314318"]
[EventDate "2025.05.26"]

1. e4 e5 2. Nf3 Nc6 3. Nc3 Nf6 4. a3 d6 5. d4 Bg4 6. Bb5 exd4 7. Qxd4 a6 8.
Bxc6+ bxc6 9. e5 dxe5 10. Qxd8+ Rxd8 11. Nxe5 Bd7 12. O-O Be7 13. Bg5 h6 14.
Bxf6 Bxf6 15. Nxd7 Rxd7 16. Rfe1+ Re7 17. Ne4 Bxb2 18. Rab1 O-O 19. Rxb2 Rfe8
20. f3 f5 21. Nf6+ gxf6 22. Rxe7 Rxe7 23. Kf2 Re5 1/2-1/2

[Event "Norway Chess Open GM 2025"]
[Site "Stavanger NOR"]
[Date "2025.05.27"]
[Round "2.38"]
[White "Vincenti, Leonardo"]
[Black "Gasland, Lukas Dominik"]
[Result "1-0"]
[WhiteTitle "CM"]
[WhiteElo "2120"]
[BlackElo "1997"]
[WhiteFideId "28550820"]
[BlackFideId "1557882"]
[EventDate "2025.05.26"]

1. e4 e5 2. Nf3 Nc6 3. Bb5 a6 4. Ba4 b5 5. Bb3 Bc5 6. O-O Nf6 7. a4 Rb8 8. c3 d6
9. d4 Bb6 10. axb5 axb5 11. Bd5 Nxd5 12. exd5 Ne7 13. dxe5 dxe5 14. Nxe5 Bb7 15.
c4 bxc4 16. Qa4+ Kf8 17. Nd7+ Kg8 18. Nxb8 Qxb8 19. Nc3 Nxd5 20. Re1 Nf6 21. Bg5
Kf8 22. Rad1 h6 23. Bxf6 gxf6 24. Nd5 Rg8 25. Qa3+ Kg7 26. Qg3+ Kh8 27. Qh4 1-0

[Event "Norway Chess Open GM 2025"]
[Site "Stavanger NOR"]
[Date "2025.05.27"]
[Round "2.39"]
[White "Liu, Tianyi (Jack)"]
[Black "Sivaparan, Isai"]
[Result "1-0"]
[WhiteElo "2112"]
[BlackElo "1997"]
[WhiteFideId "8627894"]
[BlackFideId "1585002"]
[EventDate "2025.05.26"]

1. e4 c5 2. Nf3 e6 3. d4 cxd4 4. Nxd4 Nc6 5. Nc3 Qc7 6. Be3 a6 7. Qd2 Nf6 8.
O-O-O Bb4 9. f3 d5 10. a3 Bxc3 11. Qxc3 dxe4 12. Nxc6 Qxc6 13. Qxc6+ bxc6 14.
fxe4 Nxe4 15. Bd3 Nf6 16. Bc5 Bb7 17. Be2 Ne4 18. Bb6 Rc8 19. Rhe1 Nf6 20. Bf3
O-O 21. c4 Rfe8 22. g4 h6 23. h4 e5 24. g5 hxg5 25. hxg5 Nh7 26. Bg4 Rb8 27. Bd7
Nxg5 28. Bxe8 Rxe8 29. Rd8 Rxd8 30. Bxd8 f6 31. Rd1 c5 32. Bxf6 gxf6 33. Rd8+
Kf7 34. Rd7+ Kg6 35. Rxb7 f5 36. Rb6+ Kh5 37. b4 Ne4 38. Rxa6 f4 39. Re6 Nf2 40.
Rxe5+ Kg4 41. Kd2 f3 42. Re8 1-0

[Event "Norway Chess Open GM 2025"]
[Site "Stavanger NOR"]
[Date "2025.05.27"]
[Round "2.40"]
[White "Pivi, Mauro"]
[Black "Elsness, Fredrik Valstad"]
[Result "0-1"]
[WhiteElo "1997"]
[BlackElo "2111"]
[WhiteFideId "312105193"]
[BlackFideId "1567829"]
[EventDate "2025.05.26"]

1. e4 c5 2. Nf3 d6 3. d4 cxd4 4. Qxd4 Nc6 5. Bb5 Bd7 6. Bxc6 Bxc6 7. Nc3 h6 8.
O-O e5 9. Qd3 Nf6 10. Nd2 d5 11. exd5 Nxd5 12. Re1 Nxc3 13. Rxe5+ Be7 14. Qxc3
O-O 15. Re1 Bf6 16. Qg3 Re8 17. Rf1 Rc8 18. Qg4 Bd7 19. Qd1 Bb5 20. c4 Bxc4 21.
Nxc4 Qxd1 22. Rxd1 Rxc4 23. Be3 a6 24. Rac1 Rec8 25. b3 Rc2 26. Kf1 b5 27. Rxc2
Rxc2 28. Rd2 Rc1+ 29. Ke2 Ra1 30. Kd3 Re1 31. Bd4 Bg5 32. Be3 Bxe3 33. fxe3 Kf8
34. Re2 Ra1 35. Kc3 a5 36. Kd4 Rc1 37. Kd3 Ke7 38. Kd2 Rg1 39. Kd3 Ke6 40. Kd4
Rc1 41. Rd2 g5 42. e4 a4 43. bxa4 Rc4+ 44. Kd3 Rxa4 45. Rb2 f6 46. g3 Kd6 47.
Rf2 Ke6 48. Rb2 h5 49. Ke3 Ke7 50. Kd3 Kf7 51. Ke3 Ke6 52. Kd3 Ra5 53. Kd4 Kd6
54. Rf2 Ra4+ 55. Kd3 Ke5 56. Rf5+ Ke6 57. Rf2 Rb4 58. Kc3 Rxe4 59. Rb2 Rc4+ 60.
Kd3 Rc5 61. Kd4 Re5 62. Rf2 f5 63. Rc2 Rd5+ 64. Ke3 Re5+ 65. Kd4 Rd5+ 66. Ke3
Kd7 67. Rc3 Re5+ 68. Kd3 f4 69. gxf4 gxf4 70. Rc2 Ke6 71. Kd4 Kf5 72. Rf2 h4 73.
Kd3 Re1 74. Kd4 Re8 75. Kc5 Re5+ 76. Kd4 Re1 77. Kc5 Ke4 78. Kxb5 f3 79. a4 Ke3
80. Ra2 f2 81. Rxf2 0-1